000 01036nas a2200301 i 4500
001 168780
003 ES-MaACL
005 20250830111233.0
008 080605m18371838sp sr p 0 |spa d
022 _a2486-3254
080 _a239
080 _a282
245 0 3 _aEl Amigo de la religión cristiano-católica y de la sociedad.
260 _aMadrid :
_b[s.n.],
_c1837-1838 (
_fImp. a cargo de M. Pita)
300 _a4 v. ;
_c15 cm.
310 _aQuincenal
362 1 _aComenzó en 1837; cesó en 1838.
500 _aAl final del texto: "Como redactor principal, y dueño de las utilidades... D. Manjón.
530 _aDisponible en formato digital.
610 2 4 _aIglesia Católica
_94639
650 4 _aApologética.
_99921
700 1 _aManjón, Domingo.
_9137889
852 4 _aES-MaACL
_jC-699-702
856 4 _uhttps://prensahistorica.mcu.es/es/consulta/registro.do?id=1029746
_yVersión en línea
_zBiblioteca Virtual de Prensa Histórica
866 0 _o1838
942 _2udc
999 _c168780
_d168780